LEADER 01926nam a2200289 i 4500 001 000000241680 003 CaOOAMICUS 005 20230324130009.0 008 150511s1648 it u000 u ita u 026 $aIOea o.ma lin- Or48 (3) 1648 (R)$apt. 1 026 $aO.uo nil- o-z' CoPi (3) 1647 (R)$apt. 2 040 $aSeMil$bita 100 1 $aCrescenzi Romani, Giovanni Pietro : de,$d<1615-1650>.$0(OLS)http://semarc/name/81811 245 10$aPresidio romano overo Della milizia ecclesiastica et delle religioni sì cavalleresche, come claustrali libri 3. ... Aggiuntevi le memorie di molte illustri famiglie, ... di Gio. Pietro de' Crescenzi Romani ... Con l'Arsenale de' religiosi in fine. 260 $aIn Piacenza :$bPer Gio. Antonio Ardizzoni,$c1648. 300 $a2 pt. ([24], 530, 136; 69, [3] p.) ;$cfol. 500 $aLa pt. 2. inizia con proprio front. tip. e tit.: Presidio romano libro terzo degli ordini claustrali mendicanti parte terza ... overo Arsenale de' religiosi 500 $aSegn.: a-c? A-3X?, ²A-R?; A-I? 500 $aMarca n.c. (leone su roccia. Motto: Vias tuas domine) sui front. 500 $aContiene anche, a p. 407: Lupo d'Olmeto il venerabile libri cinque di don Pjo Rossi 700 1 $aArdizzoni, Giovanni Antonio,$c.$0(OLS)http://semarc/name/81812 700 1 $aRossi, Pio : de <1581-1667>.$0(OLS)http://semarc/name/81810 850 $aSeMil 852 $aSeMil$W1$xVenegono$y1$m3G VI 20 FA$j192026$B192026$CSeMilBibl$Z2$F202823 $8I 996 $6245$aPresidio romano overo Della milizia ecclesiastica et delle religioni sì cavalleresche, come claustrali libri 3. ... Aggiuntevi le memorie di molte illustri famiglie, ... di Gio. Pietro de' Crescenzi Romani ... Con l'Arsenale de' religiosi in fine$9(OLS)http://semarc/title/343441 996 $6260$aIn Piacenza :$bPer Gio. Antonio Ardizzoni$9(OLS)http://semarc/publisher/54610 LEADER 01239nam a2200241 i 4500 001 000000046416 003 CaOOAMICUS 005 20090928000000.0 008 090928s1969 xx u000 u lat u 013 $a17586 040 $aSeMil$bita 100 1 $aSeripando, Girolamo .$0(OLS)http://semarc/name/4533 245 13$aDe iustitia et libertate christiana /$cGirolamo Seripando ; hrsg. von Anselm Forster. 260 $aMünster in Westfalen :$bAschendorffsche Verlagsbuchhandlung,$c1969. 300 $aXXII, 130 p. ;$c26 cm. 490 0 $aCorpus Catholicorum : Werke katholischer Schriftsteller im Zeitalter der Glaubensspaltung ;$v30 650 4$aGrazia divina - Teologia.$0(OLS)http://semarc/subject/318 700 1 $aForster, Anselm.$0(OLS)http://semarc/name/23071 830 0$aCorpus Catholicorum : Werke katholischer Schriftsteller im Zeitalter der Glaubensspaltung ;$v30.$0(OLS)http://semarc/title/363 850 $aSeMil 852 $aSeMil$W1$xVenegono$y1$m2A V 269$j12571$B12571$CSeMilBibl$Z2$F12571 $81 996 $6245$aDe iustitia et libertate christiana$9(OLS)http://semarc/title/69383 996 $6260$aMünster in Westfalen :$bAschendorffsche Verlagsbuchhandlung$9(OLS)http://semarc/publisher/29758